Football Teams Arjen Robben Played For - Statistics

General Stats
  • This quiz has been taken 119 times
  • The average score is 5 of 6
Answer Stats
League Years Team % Correct
Germany 2009-2019 FC Bayern München
99%
Spain 2007-2009 Real Madrid
98%
England 2004-2007 Chelsea FC
95%
Netherlands 2002-2004 PSV
91%
Netherlands 2001-2002 FC Groningen
79%
Netherlands 2020-2021 FC Groningen
79%
No matching quizzes found
Score Distribution
Percent of People with Each Score
Percentile by Number Answered
Your Score History
You have not taken this quiz